| 000 | 00384pab a2200145 454500 | ||
|---|---|---|---|
| 008 | 180718b2005 xxu||||| |||| 00| 0 eng d | ||
| 100 | _aChattopadhyay, Apurba Kumar | ||
| 245 | _aWTO and the behaviour of the external sector of India | ||
| 260 | _c2005 | ||
| 300 | _ap.426-31. | ||
| 362 | _aJul-Dec | ||
| 650 | _aWorld Trade Organization | ||
| 773 | _aProductivity | ||
| 909 | _a71382 | ||
| 999 |
_c71382 _d71382 |
||